مكتبة جامعة عجلون الوطنية

فهرس بحث المكتبة

الوجيز في الاعداد البدني للتدريبات الرياضية / (Record no. 34025)

MARC details
000 -LEADER
fixed length control field 00969nam a22002297a 4500
003 - CONTROL NUMBER IDENTIFIER
control field JO-AjAnu
005 - DATE AND TIME OF LATEST TRANSACTION
control field 20251011122211.0
008 - FIXED-LENGTH DATA ELEMENTS--GENERAL INFORMATION
fixed length control field 251011b jo ||||| |||| 00| 0 ara d
020 ## - INTERNATIONAL STANDARD BOOK NUMBER
International Standard Book Number 9789923240366
040 ## - CATALOGING SOURCE
Original cataloging agency JO-AjAnu
Language of cataloging ara
Transcribing agency JO-AjAnu
Modifying agency JO-AjAnu
Description conventions rda
041 ## - LANGUAGE CODE
Language code of text/sound track or separate title ara
Language code of original ara
050 ## - LIBRARY OF CONGRESS CALL NUMBER
Classification number GV436
Item number 2020
100 #1 - MAIN ENTRY--PERSONAL NAME
Personal name اسماعيل،اشرف محمود
Relator term مؤلف
9 (RLIN) 66723
245 #0 - TITLE STATEMENT
Title الوجيز في الاعداد البدني للتدريبات الرياضية /
Statement of responsibility, etc. اشرف محمود اسماعيل، محمد امين
250 ## - EDITION STATEMENT
Edition statement الطبعة الاولى
260 ## - PUBLICATION, DISTRIBUTION, ETC.
Place of publication, distribution, etc. عمان :
Name of publisher, distributor, etc. دار ابن النفيس للنشر والتوزيع،
Date of publication, distribution, etc. 2020
300 ## - PHYSICAL DESCRIPTION
Extent 126 صفحة
504 ## - BIBLIOGRAPHY, ETC. NOTE
Bibliography, etc. note يحتوي على قائمة مراجع وببلوغرافية
650 70 - SUBJECT ADDED ENTRY--TOPICAL TERM
Topical term or geographic name entry element التدريب الرياضي-اللياقة البدنية-التربية البدنية
9 (RLIN) 66724
700 #1 - ADDED ENTRY--PERSONAL NAME
Personal name امين،محمد
Relator term مؤلف مشارك
9 (RLIN) 66725
942 ## - ADDED ENTRY ELEMENTS (KOHA)
Source of classification or shelving scheme Library of Congress Classification
Koha item type Books
Suppress in OPAC No
Holdings
Withdrawn status Lost status Source of classification or shelving scheme Damaged status Not for loan Home library Current library Date acquired Total Checkouts Full call number Barcode Date last seen Price effective from Koha item type
    Library of Congress Classification     مكتبة جامعة عجلون الوطنية مكتبة جامعة عجلون الوطنية 11/10/2025   GV436 2020 a30469 11/10/2025 11/10/2025 Books